La colección cervantina de la Sociedad Hispánica de América (Record no. 4633)

MARC details
000 -CABECERA
campo de control de longitud fija 00896nam a2200229 a 4500
001 - NÚMERO DE CONTROL
campo de control BRCA_4939
005 - FECHA Y HORA DE LA ÚLTIMA TRANSACCIÓN
campo de control 20190320204852.0
008 - DATOS DE LONGITUD FIJA--INFORMACIÓN GENERAL
campo de control de longitud fija 760624s1918####u--ah#####---#001-0dspa-#
041 ## - CÓDIGO DE LENGUA
Código de lengua del texto/banda sonora o título independiente spa
044 ## - CÓDIGO DEL PAÍS DE LA ENTIDAD EDITORA/PRODUCTORA
Código MARC del país u
050 #4 - SIGNATURA TOPOGRÁFICA DE LA BIBLIOTECA DEL CONGRESO
Número de clasificación PQ6337
Número de documento/Ítem .S47 1918
100 1# - ENTRADA PRINCIPAL--NOMBRE DE PERSONA
Nombre de persona Serís, Homero
Fechas asociadas al nombre 1879-1969
9 (RLIN) 12535
245 10 - MENCIÓN DE TÍTULO
Título La colección cervantina de la Sociedad Hispánica de América
Resto del título (The Hispanic Society of America) : ediciones de Don Quijote
Mención de responsabilidad, etc. con introducción, descripción de nuevas ediciones, anotaciones y nuevos datos bibliográficos por Homero Serís.
260 ## - PUBLICACIÓN, DISTRIBUCIÓN, ETC.
Lugar de publicación, distribución, etc. Estados Unidos
Nombre del editor, distribuidor, etc. University of Illinois
Fecha de publicación, distribución, etc. 1918
300 ## - DESCRIPCIÓN FÍSICA
Extensión 158 p.
Otras características físicas il., láminas, facsímiles
Dimensiones 27 cm.
500 ## - NOTA GENERAL
Nota general Incluye apéndice e índice alfabético
500 ## - NOTA GENERAL
Nota general QM1532B
600 14 - PUNTO DE ACCESO ADICIONAL DE MATERIA--NOMBRE DE PERSONA
Nombre de persona Cervantes Saavedra, Miguel de
Fechas asociadas al nombre 1547-1616
9 (RLIN) 213
650 14 - PUNTO DE ACCESO ADICIONAL DE MATERIA--TÉRMINO DE MATERIA
Término de materia o nombre geográfico como elemento de entrada Literatura española
Subdivisión cronológica 1500-1616
9 (RLIN) 11749
902 ## - CATALOGADOR
Iniciales GFM
942 ## - ELEMENTOS DE PUNTO DE ACCESO ADICIONAL (KOHA)
Fuente del sistema de clasificación o colocación Library of Congress Classification
Tipo de ítem Koha Libros
Holdings
Estado de retiro Estado de pérdida Estado dañado No para préstamo Localización permanente Ubicación/localización actual Fecha de adquisición Número de inventario Total de préstamos Signatura topográfica completa Código de barras Fecha visto por última vez Precio válido a partir de Tipo de ítem Koha
El ejemplar forma parte de la colección y puede ser consultado según las políticas vigentes.       Biblioteca del Museo Franz Mayer (Rogerio Casas-Alatriste) Biblioteca del Museo Franz Mayer (Rogerio Casas-Alatriste) 21/10/2010 QM1532B   PQ6337 .S47 1918 (QM1532B) 5000 22/03/2019 22/03/2019 Libros